<?xml version="1.0" encoding="UTF-8"?>
<record
    xmlns:xsi="http://www.w3.org/2001/XMLSchema-instance"
    xsi:schemaLocation="http://www.loc.gov/MARC21/slim http://www.loc.gov/standards/marcxml/schema/MARC21slim.xsd"
    xmlns="http://www.loc.gov/MARC21/slim">

  <leader>03509nam a2200553Ia 4500</leader>
  <controlfield tag="001">537</controlfield>
  <controlfield tag="008">241029s9999    xx            000 0 und d</controlfield>
  <datafield tag="010" ind1=" " ind2=" ">
    <subfield code="a">487</subfield>
  </datafield>
  <datafield tag="041" ind1=" " ind2=" ">
    <subfield code="a">Espa&#xF1;ol</subfield>
  </datafield>
  <datafield tag="082" ind1=" " ind2=" ">
    <subfield code="a">INTEC/CyH-0138</subfield>
  </datafield>
  <datafield tag="245" ind1=" " ind2="0">
    <subfield code="a">An&#xE1;lisis sist&#xE9;mico de la disciplina escolar y el rendimiento acad&#xE9;mico de los ni&#xF1;os y ni&#xF1;as del 5to. Grado en el Segundo Ciclo del Nivel B&#xE1;sico en el Centro Educativo Esp&#xED;ritu Santo Fe y Alegr&#xED;a, secci&#xF3;n San Jos&#xE9; de Ban&#xED;. Per&#xED;odo escolar 2011-2012.</subfield>
  </datafield>
  <datafield tag="260" ind1=" " ind2=" ">
    <subfield code="a">Distrito Nacional</subfield>
  </datafield>
  <datafield tag="300" ind1=" " ind2=" ">
    <subfield code="a">93</subfield>
  </datafield>
  <datafield tag="520" ind1=" " ind2=" ">
    <subfield code="a">12</subfield>
  </datafield>
  <datafield tag="630" ind1=" " ind2=" ">
    <subfield code="a">Desajustes Conductuales</subfield>
  </datafield>
  <datafield tag="630" ind1=" " ind2=" ">
    <subfield code="a">Disciplina Escolar</subfield>
  </datafield>
  <datafield tag="630" ind1=" " ind2=" ">
    <subfield code="a">Psicolog&#xED;a-Evaluaci&#xF3;n</subfield>
  </datafield>
  <datafield tag="630" ind1=" " ind2=" ">
    <subfield code="a">Roles Educativos</subfield>
  </datafield>
  <datafield tag="650" ind1=" " ind2=" ">
    <subfield code="a">Terapia Familiar</subfield>
  </datafield>
  <datafield tag="690" ind1=" " ind2=" ">
    <subfield code="a">Elaborado</subfield>
  </datafield>
  <datafield tag="700" ind1=" " ind2=" ">
    <subfield code="e">asesor</subfield>
    <subfield code="a">P&#xE9;rez, Lourdes</subfield>
  </datafield>
  <datafield tag="700" ind1=" " ind2=" ">
    <subfield code="e">autor</subfield>
    <subfield code="a">Sep&#xFA;lveda Gonz&#xE1;lez, Carmen Ramona</subfield>
  </datafield>
  <datafield tag="901" ind1=" " ind2=" ">
    <subfield code="a">{"1":"Sep&#xFA;lveda Gonz&#xE1;lez"}</subfield>
    <subfield code="b">{"1":"Carmen Ramona"}</subfield>
  </datafield>
  <datafield tag="902" ind1=" " ind2=" ">
    <subfield code="a">1</subfield>
  </datafield>
  <datafield tag="903" ind1=" " ind2=" ">
    <subfield code="a">{"1":"P&#xE9;rez"}</subfield>
    <subfield code="b">{"1":"Lourdes"}</subfield>
  </datafield>
  <datafield tag="904" ind1=" " ind2=" ">
    <subfield code="a">Maestr&#xED;a en</subfield>
  </datafield>
  <datafield tag="905" ind1=" " ind2=" ">
    <subfield code="a">Terapia Familiar</subfield>
  </datafield>
  <datafield tag="906" ind1=" " ind2=" ">
    <subfield code="a">2</subfield>
  </datafield>
  <datafield tag="907" ind1=" " ind2=" ">
    <subfield code="a">NO APLICA</subfield>
  </datafield>
  <datafield tag="908" ind1=" " ind2=" ">
    <subfield code="a">NO APLICA</subfield>
  </datafield>
  <datafield tag="909" ind1=" " ind2=" ">
    <subfield code="a">Instituto Tecnol&#xF3;gico de Santo Domingo (INTEC)</subfield>
  </datafield>
  <datafield tag="910" ind1=" " ind2=" ">
    <subfield code="a">NULL</subfield>
    <subfield code="b">NULL</subfield>
  </datafield>
  <datafield tag="911" ind1=" " ind2=" ">
    <subfield code="a">["1"]</subfield>
  </datafield>
  <datafield tag="912" ind1=" " ind2=" ">
    <subfield code="a">NO APLICA</subfield>
  </datafield>
  <datafield tag="913" ind1=" " ind2=" ">
    <subfield code="a">NULL</subfield>
  </datafield>
  <datafield tag="914" ind1=" " ind2=" ">
    <subfield code="a">01 de Octubre de 2012</subfield>
  </datafield>
  <datafield tag="915" ind1=" " ind2=" ">
    <subfield code="a">10/11/19 07:11</subfield>
  </datafield>
  <datafield tag="916" ind1=" " ind2=" ">
    <subfield code="a">NULL</subfield>
  </datafield>
  <datafield tag="917" ind1=" " ind2=" ">
    <subfield code="a">NULL</subfield>
  </datafield>
  <datafield tag="918" ind1=" " ind2=" ">
    <subfield code="a">NO APLICA</subfield>
  </datafield>
  <datafield tag="919" ind1=" " ind2=" ">
    <subfield code="a">["57","67","173","180"]</subfield>
  </datafield>
  <datafield tag="520" ind1=" " ind2=" ">
    <subfield code="a">El objetivo principal de este estudio, consisti&#xF3; en describir los efectos del sistema de manejo de la disciplina de aula, en el rendimiento acad&#xE9;mico de los/as ni&#xF1;os/as del Centro Educativo Esp&#xED;ritu Santo del 5to. Grado del Segundo Ciclo del Nivel B&#xE1;sico, secci&#xF3;n San Jos&#xE9; de Ban&#xED;, per&#xED;odo escolar 2011-2012.&#xA0;La metodolog&#xED;a utilizada en esta investigaci&#xF3;n fue de tipo descriptivo, de car&#xE1;cter cualitativo y de campo. Las t&#xE9;cnicas utilizadas fueron: dise&#xF1;o de gu&#xED;as, an&#xE1;lisis, entrevistas semi-estructuradas, la observaci&#xF3;n y grupo de enfoque. La muestra seleccionada fue de veinte (20) estudiantes, de las tandas Matutinas y Vespertinas, dos (2) docentes de ambas tandas y la directora del &#xE1;rea de B&#xE1;sica del 5to. Grado del 2do. Ciclo de B&#xE1;sica del referido Centro.&#xA0;Entre las principales conclusiones, se destaca que los/as ni&#xF1;os/as identifican que la disciplina en &#xE9;stos grados se aplican de manera punitiva. Esto no es saludable, pues origina en ellos y ellas sensaciones de insatisfacci&#xF3;n y baja reflexi&#xF3;n sobre la l&#xF3;gica de disciplina y las interferencias que producen en su aprendizaje. Los alumnos con conductas indisciplinadas son corregidos sobre sus notas, propiciando que el rendimiento aparezca bajo y posiblemente la motivaci&#xF3;n para construir sus aprendizajes, no es logrado.El estudio sugiere a los docentes, separar las notas acad&#xE9;micas de las conductuales y crear un sistema de manejo de la disciplina m&#xE1;s organizado. Priorizar el dialogo con los estudiantes, donde se permita establecer y conocer las reglas de la Instituci&#xF3;n y las del aula. Reflexionar en que un buen dominio de aula y mejora de aprendizaje, depende de c&#xF3;mo se orienten los contenidos y de los requisitos de orden establecido en el aula y de la metodolog&#xED;a que emplee el maestro, para evaluar las actitudes pedag&#xF3;gicas de sus alumnos/as, poniendo acento en el rendimiento y mejora de la disciplina.</subfield>
  </datafield>
  <datafield tag="921" ind1=" " ind2=" ">
    <subfield code="a">16</subfield>
  </datafield>
  <datafield tag="922" ind1=" " ind2=" ">
    <subfield code="a">16</subfield>
  </datafield>
  <datafield tag="923" ind1=" " ind2=" ">
    <subfield code="a">0</subfield>
  </datafield>
  <datafield tag="924" ind1=" " ind2=" ">
    <subfield code="a">NO APLICA</subfield>
  </datafield>
  <datafield tag="942" ind1=" " ind2=" ">
    <subfield code="c">Tesis</subfield>
  </datafield>
  <datafield tag="999" ind1=" " ind2=" ">
    <subfield code="c">487</subfield>
    <subfield code="d">487</subfield>
  </datafield>
</record>
